Países del Creciente Fértil - Estadísticas

Estadísticas generales
  • Esta prueba ha sido intentada 889 veces
  • La puntuación promedio es 9 de 10
Estadísticas de respuestas
% País % Correcto
80 Irak
96%
50 Israel
96%
5 Irán
95%
90 Siria
94%
5 Jordania
93%
100 Líbano
93%
10 Turquía
91%
15 Egipto
90%
30 Kuwait
83%
100 Chipre
65%
No se encontraron pruebas coincidentes
Distribución de puntuación
Porcentaje de gente con cada puntuación
Porcentaje por número respondido
Historial de tus puntuaciones
No has intentado esta prueba.